[Event "European Chess Club Cup 2023"]
[Site "Durres, Albania"]
[Date "2023.10.02"]
[Round "2.72"]
[White "Runarsson, Gunnar"]
[Black "Ozen, Deniz"]
[Result "0-1"]
[TimeControl "90' + 30' & 30\""]
[WhiteElo "1960"]
[BlackElo "2382"]

1. d4 {[%clk 01:30:51]} {[%emt 00:00:08]} d5 {[%clk 01:30:51]} {[%emt
00:00:09]} 2. Nf3 {[%clk 01:30:51]} {[%emt 00:00:30]} Nf6 {[%clk 01:30:29]}
{[%emt 00:00:53]} 3. c4 {[%clk 01:30:36]} {[%emt 00:00:44]} c6 {[%clk
01:30:32]} {[%emt 00:00:27]} 4. Nc3 {[%clk 01:30:29]} {[%emt 00:00:37]} dxc4
{[%clk 01:29:43]} {[%emt 00:01:19]} 5. e4 {[%clk 01:29:26]} {[%emt 00:01:34]}
b5 {[%clk 01:28:59]} {[%emt 00:01:13]} 6. e5 {[%clk 01:27:23]} {[%emt
00:02:33]} Nd5 {[%clk 01:28:07]} {[%emt 00:01:23]} 7. Be2 {[%clk 01:21:16]}
{[%emt 00:06:36]} e6 {[%clk 01:23:59]} {[%emt 00:04:39]} 8. O-O {[%clk
01:17:59]} {[%emt 00:03:47]} Be7 {[%clk 01:24:00]} {[%emt 00:00:29]} 9. Ne4
{[%clk 01:10:58]} {[%emt 00:07:30]} h6 {[%clk 01:17:08]} {[%emt 00:07:22]} 10.
Bd2 {[%clk 01:04:16]} {[%emt 00:07:12]} Nd7 {[%clk 01:08:10]} {[%emt 00:09:28]}
11. b3 {[%clk 00:57:57]} {[%emt 00:06:49]} Ba6 {[%clk 00:54:02]} {[%emt
00:14:39]} 12. bxc4 {[%clk 00:52:14]} {[%emt 00:06:12]} bxc4 {[%clk 00:54:21]}
{[%emt 00:00:11]} 13. Qc2 {[%clk 00:51:35]} {[%emt 00:01:08]} O-O {[%clk
00:49:01]} {[%emt 00:05:51]} 14. Bxc4 {[%clk 00:47:05]} {[%emt 00:04:59]} Bxc4
{[%clk 00:49:15]} {[%emt 00:00:17]} 15. Qxc4 {[%clk 00:47:27]} {[%emt
00:00:07]} Rc8 {[%clk 00:48:53]} {[%emt 00:00:53]} 16. Qa4 {[%clk 00:35:29]}
{[%emt 00:12:28]} Rc7 {[%clk 00:34:01]} {[%emt 00:15:22]} 17. Rac1 {[%clk
00:31:18]} {[%emt 00:04:41]} N7b6 {[%clk 00:29:36]} {[%emt 00:04:55]} 18. Qb3
{[%clk 00:27:30]} {[%emt 00:04:18]} Qd7 {[%clk 00:27:28]} {[%emt 00:02:39]} 19.
Rfd1 {[%clk 00:22:30]} {[%emt 00:05:29]} Rfc8 {[%clk 00:25:16]} {[%emt
00:02:42]} 20. Nc5 {[%clk 00:19:12]} {[%emt 00:03:48]} Qe8 {[%clk 00:24:26]}
{[%emt 00:01:20]} 21. Na6 {[%clk 00:15:06]} {[%emt 00:04:37]} Rd7 {[%clk
00:22:59]} {[%emt 00:01:56]} 22. a4 {[%clk 00:09:11]} {[%emt 00:06:25]} Nc7
{[%clk 00:21:26]} {[%emt 00:02:03]} 23. Nc5 {[%clk 00:08:49]} {[%emt 00:00:53]}
Rd5 {[%clk 00:20:09]} {[%emt 00:01:47]} 24. a5 {[%clk 00:07:18]} {[%emt
00:02:01]} Bxc5 {[%clk 00:20:12]} {[%emt 00:00:27]} 25. Rxc5 {[%clk 00:06:50]}
{[%emt 00:00:57]} Rxc5 {[%clk 00:19:31]} {[%emt 00:01:11]} 26. dxc5 {[%clk
00:06:59]} {[%emt 00:00:20]} Nbd5 {[%clk 00:18:25]} {[%emt 00:01:37]} 27. Rb1
{[%clk 00:04:16]} {[%emt 00:03:13]} Nb5 {[%clk 00:18:01]} {[%emt 00:00:54]} 28.
Qd3 {[%clk 00:04:14]} {[%emt 00:00:31]} Rd8 {[%clk 00:15:41]} {[%emt 00:02:52]}
29. Re1 {[%clk 00:03:52]} {[%emt 00:00:52]} Ne7 {[%clk 00:12:39]} {[%emt
00:03:31]} 30. Qe4 {[%clk 00:03:03]} {[%emt 00:01:18]} Qd7 {[%clk 00:12:59]}
{[%emt 00:00:11]} 31. Qg4 {[%clk 00:02:38]} {[%emt 00:00:56]} Nf5 {[%clk
00:13:07]} {[%emt 00:00:21]} 32. Be3 {[%clk 00:02:06]} {[%emt 00:01:02]} Qd5
{[%clk 00:12:40]} {[%emt 00:00:57]} 33. Qb4 {[%clk 00:01:23]} {[%emt 00:01:13]}
Rd7 {[%clk 00:10:41]} {[%emt 00:02:29]} 34. h3 {[%clk 00:01:43]} {[%emt
00:00:11]} Rd8 {[%clk 00:09:47]} {[%emt 00:01:23]} 35. a6 {[%clk 00:01:29]}
{[%emt 00:00:43]} Qa2 {[%clk 00:07:55]} {[%emt 00:02:23]} 36. g4 {[%clk
00:01:22]} {[%emt 00:00:37]} Ne7 {[%clk 00:04:38]} {[%emt 00:03:47]} 37. g5
{[%clk 00:01:45]} {[%emt 00:00:07]} h5 {[%clk 00:04:37]} {[%emt 00:00:31]} 38.
Qh4 {[%clk 00:01:30]} {[%emt 00:00:45]} g6 {[%clk 00:04:32]} {[%emt 00:00:36]}
39. Qf4 {[%clk 00:01:33]} {[%emt 00:00:26]} Nf5 {[%clk 00:03:48]} {[%emt
00:01:15]} 40. Qb4 {[%clk 00:01:08]} {[%emt 00:00:54]} Qxa6 {[%clk 00:03:51]}
{[%emt 00:00:27]} 41. Nd2 {[%clk 00:00:34]} {[%emt 00:01:04]} Nbd4 {[%clk
00:23:00]} {[%emt 00:11:21]} 42. Rf1 {[%clk 00:16:40]} {[%emt 00:14:23]} Qd3
{[%clk 00:21:31]} {[%emt 00:02:00]} 43. Re1 {[%clk 00:04:10]} {[%emt 00:13:01]}
Nc2 {[%clk 00:20:56]} {[%emt 00:01:04]} 0-1

[Event "European Chess Club Cup 2023"]
[Site "Durres, Albania"]
[Date "2023.10.02"]
[Round "2.73"]
[White "Suleymanli, Aydin"]
[Black "Aditya, Mittal"]
[Result "1/2-1/2"]
[TimeControl "90' + 30' & 30\""]
[WhiteElo "2588"]
[BlackElo "2572"]

1. e4 {[%clk 01:30:52]} {[%emt 00:00:07]} e5 {[%clk 01:30:56]} {[%emt
00:00:05]} 2. Nf3 {[%clk 01:31:19]} {[%emt 00:00:03]} Nf6 {[%clk 01:31:23]}
{[%emt 00:00:03]} 3. Nxe5 {[%clk 01:31:41]} {[%emt 00:00:08]} d6 {[%clk
01:31:52]} {[%emt 00:00:02]} 4. Nf3 {[%clk 01:32:06]} {[%emt 00:00:05]} Nxe4
{[%clk 01:32:19]} {[%emt 00:00:03]} 5. Nc3 {[%clk 01:32:28]} {[%emt 00:00:08]}
Nxc3 {[%clk 01:32:47]} {[%emt 00:00:02]} 6. dxc3 {[%clk 01:32:53]} {[%emt
00:00:05]} Be7 {[%clk 01:33:08]} {[%emt 00:00:08]} 7. Be3 {[%clk 01:33:10]}
{[%emt 00:00:13]} Nd7 {[%clk 01:33:20]} {[%emt 00:00:18]} 8. Qd2 {[%clk
01:33:35]} {[%emt 00:00:05]} O-O {[%clk 01:30:00]} {[%emt 00:03:50]} 9. O-O-O
{[%clk 01:33:48]} {[%emt 00:00:17]} Nf6 {[%clk 01:30:01]} {[%emt 00:00:30]} 10.
Bd3 {[%clk 01:33:45]} {[%emt 00:00:33]} Re8 {[%clk 01:30:13]} {[%emt 00:00:18]}
11. Rhe1 {[%clk 01:25:38]} {[%emt 00:08:38]} Bg4 {[%clk 01:29:55]} {[%emt
00:00:47]} 12. Bg5 {[%clk 01:25:55]} {[%emt 00:00:12]} Qd7 {[%clk 01:27:43]}
{[%emt 00:02:43]} 13. h3 {[%clk 01:20:34]} {[%emt 00:05:52]} Bf5 {[%clk
01:27:17]} {[%emt 00:00:56]} 14. g4 {[%clk 01:18:01]} {[%emt 00:03:02]} Bxd3
{[%clk 01:16:28]} {[%emt 00:11:20]} 15. Qxd3 {[%clk 01:18:17]} {[%emt
00:00:13]} h6 {[%clk 01:15:18]} {[%emt 00:01:40]} 16. Be3 {[%clk 01:09:15]}
{[%emt 00:09:32]} Qa4 {[%clk 01:10:04]} {[%emt 00:05:45]} 17. g5 {[%clk
00:58:59]} {[%emt 00:10:45]} hxg5 {[%clk 01:04:03]} {[%emt 00:06:31]} 18. Bxg5
{[%clk 00:49:04]} {[%emt 00:10:24]} Bf8 {[%clk 00:46:31]} {[%emt 00:18:03]} 19.
Kb1 {[%clk 00:40:24]} {[%emt 00:09:08]} Nh7 {[%clk 00:39:13]} {[%emt 00:07:49]}
20. Be3 {[%clk 00:40:03]} {[%emt 00:00:52]} Qe4 {[%clk 00:32:46]} {[%emt
00:06:57]} 21. Qe2 {[%clk 00:39:24]} {[%emt 00:01:09]} g6 {[%clk 00:29:43]}
{[%emt 00:03:33]} 22. Rd4 {[%clk 00:38:48]} {[%emt 00:01:05]} Qf5 {[%clk
00:29:08]} {[%emt 00:01:05]} 23. Qd1 {[%clk 00:34:19]} {[%emt 00:04:59]} Bg7
{[%clk 00:28:09]} {[%emt 00:01:30]} 24. Rf4 {[%clk 00:27:24]} {[%emt 00:07:23]}
Qd7 {[%clk 00:23:01]} {[%emt 00:05:40]} 25. h4 {[%clk 00:23:44]} {[%emt
00:04:09]} Bh6 {[%clk 00:22:47]} {[%emt 00:00:44]} 26. Rd4 {[%clk 00:24:02]}
{[%emt 00:00:09]} Bg7 {[%clk 00:22:32]} {[%emt 00:00:48]} 27. Rf4 {[%clk
00:24:16]} {[%emt 00:00:16]} Bh6 {[%clk 00:22:32]} {[%emt 00:00:30]} 28. Rd4
{[%clk 00:24:10]} {[%emt 00:00:36]} Bg7 {[%clk 00:22:12]} {[%emt 00:00:51]} 29.
Rf4 {[%clk 00:24:32]} {[%emt 00:00:07]} Bh6 {[%clk 00:22:35]} {[%emt 00:00:08]}
30. Rd4 {[%clk 00:24:54]} {[%emt 00:00:07]} Bg7 {[%clk 00:23:00]} {[%emt
00:00:05]} 1/2-1/2

[Event "European Chess Club Cup 2023"]
[Site "Durres, Albania"]
[Date "2023.10.02"]
[Round "2.74"]
[White "Arnaudov, G. Petar"]
[Black "Asadli, Vugar"]
[Result "0-1"]
[TimeControl "90' + 30' & 30\""]
[WhiteElo "2428"]
[BlackElo "2563"]

1. Nf3 {[%clk 01:30:56]} {[%emt 00:00:03]} Nf6 {[%clk 01:30:43]} {[%emt
00:00:18]} 2. c4 {[%clk 01:31:22]} {[%emt 00:00:05]} g6 {[%clk 01:31:00]}
{[%emt 00:00:13]} 3. Nc3 {[%clk 01:31:47]} {[%emt 00:00:06]} Bg7 {[%clk
01:31:23]} {[%emt 00:00:06]} 4. d4 {[%clk 01:32:09]} {[%emt 00:00:08]} O-O
{[%clk 01:31:22]} {[%emt 00:00:32]} 5. e4 {[%clk 01:32:34]} {[%emt 00:00:04]}
d6 {[%clk 01:31:46]} {[%emt 00:00:05]} 6. h3 {[%clk 01:33:00]} {[%emt
00:00:04]} e5 {[%clk 01:31:27]} {[%emt 00:00:50]} 7. dxe5 {[%clk 01:32:55]}
{[%emt 00:00:36]} dxe5 {[%clk 01:31:49]} {[%emt 00:00:07]} 8. Qxd8 {[%clk
01:33:19]} {[%emt 00:00:05]} Rxd8 {[%clk 01:32:04]} {[%emt 00:00:16]} 9. Bg5
{[%clk 01:33:43]} {[%emt 00:00:06]} Na6 {[%clk 01:29:15]} {[%emt 00:03:19]} 10.
Nd5 {[%clk 01:31:34]} {[%emt 00:02:39]} Rd6 {[%clk 01:29:32]} {[%emt 00:00:13]}
11. Bxf6 {[%clk 01:31:23]} {[%emt 00:00:41]} Bxf6 {[%clk 01:28:12]} {[%emt
00:01:49]} 12. Rc1 {[%clk 01:31:28]} {[%emt 00:00:26]} b6 {[%clk 01:26:27]}
{[%emt 00:02:16]} 13. b4 {[%clk 01:20:20]} {[%emt 00:11:38]} Bd8 {[%clk
01:16:14]} {[%emt 00:10:44]} 14. a3 {[%clk 01:17:43]} {[%emt 00:03:06]} c6
{[%clk 01:14:03]} {[%emt 00:02:41]} 15. Ne3 {[%clk 01:17:33]} {[%emt 00:00:40]}
f6 {[%clk 01:12:14]} {[%emt 00:02:19]} 16. Be2 {[%clk 01:16:18]} {[%emt
00:01:44]} Nc7 {[%clk 01:08:10]} {[%emt 00:04:34]} 17. c5 {[%clk 01:09:40]}
{[%emt 00:07:08]} bxc5 {[%clk 01:02:01]} {[%emt 00:06:40]} 18. bxc5 {[%clk
01:09:04]} {[%emt 00:01:05]} Rd7 {[%clk 01:00:31]} {[%emt 00:02:00]} 19. O-O
{[%clk 01:07:21]} {[%emt 00:02:12]} Be7 {[%clk 00:59:14]} {[%emt 00:01:49]} 20.
Nc4 {[%clk 01:00:47]} {[%emt 00:07:04]} Ba6 {[%clk 00:55:44]} {[%emt 00:03:59]}
21. Rfe1 {[%clk 00:59:53]} {[%emt 00:01:23]} Bxc4 {[%clk 00:54:13]} {[%emt
00:02:02]} 22. Bxc4+ {[%clk 00:59:03]} {[%emt 00:01:19]} Kf8 {[%clk 00:52:25]}
{[%emt 00:02:19]} 23. g4 {[%clk 00:46:02]} {[%emt 00:13:32]} a5 {[%clk
00:41:17]} {[%emt 00:11:37]} 24. g5 {[%clk 00:37:55]} {[%emt 00:08:37]} Kg7
{[%clk 00:41:41]} {[%emt 00:00:06]} 25. Rc3 {[%clk 00:37:29]} {[%emt 00:00:55]}
Rb8 {[%clk 00:38:14]} {[%emt 00:03:56]} 26. gxf6+ {[%clk 00:37:32]} {[%emt
00:00:28]} Bxf6 {[%clk 00:35:23]} {[%emt 00:03:22]} 27. Ree3 {[%clk 00:35:43]}
{[%emt 00:02:17]} Nb5 {[%clk 00:33:23]} {[%emt 00:02:31]} 28. Rcd3 {[%clk
00:18:43]} {[%emt 00:17:30]} Rxd3 {[%clk 00:27:40]} {[%emt 00:06:13]} 29. Rxd3
{[%clk 00:19:07]} {[%emt 00:00:05]} Nd4 {[%clk 00:28:03]} {[%emt 00:00:07]} 30.
Kg2 {[%clk 00:18:11]} {[%emt 00:01:26]} Rb2 {[%clk 00:25:49]} {[%emt 00:02:44]}
31. Rd2 {[%clk 00:10:32]} {[%emt 00:08:09]} Rxd2 {[%clk 00:25:22]} {[%emt
00:00:57]} 32. Nxd2 {[%clk 00:10:57]} {[%emt 00:00:05]} Be7 {[%clk 00:25:50]}
{[%emt 00:00:03]} 33. Nb3 {[%clk 00:10:40]} {[%emt 00:00:46]} Nxb3 {[%clk
00:25:29]} {[%emt 00:00:51]} 34. Bxb3 {[%clk 00:11:05]} {[%emt 00:00:05]} Bxc5
{[%clk 00:25:57]} {[%emt 00:00:02]} 35. a4 {[%clk 00:05:09]} {[%emt 00:06:26]}
Kf6 {[%clk 00:23:59]} {[%emt 00:02:28]} 36. Bc4 {[%clk 00:05:16]} {[%emt
00:00:22]} Bd4 {[%clk 00:23:51]} {[%emt 00:00:39]} 37. Ba6 {[%clk 00:05:35]}
{[%emt 00:00:11]} Kg5 {[%clk 00:23:04]} {[%emt 00:01:17]} 38. Kg3 {[%clk
00:05:54]} {[%emt 00:00:11]} Bc3 {[%clk 00:22:50]} {[%emt 00:00:44]} 39. Bb7
{[%clk 00:05:16]} {[%emt 00:01:08]} c5 {[%clk 00:23:16]} {[%emt 00:00:05]} 40.
Bd5 {[%clk 00:05:41]} {[%emt 00:00:04]} Bd2 {[%clk 00:23:43]} {[%emt 00:00:04]}
41. Bc4 {[%clk 00:04:36]} {[%emt 00:01:35]} Bf4+ {[%clk 00:23:58]} {[%emt
00:00:15]} 42. Kf3 {[%clk 00:05:01]} {[%emt 00:00:05]} Kh4 {[%clk 00:24:07]}
{[%emt 00:00:21]} 43. Kg2 {[%clk 00:05:18]} {[%emt 00:00:13]} Bd2 {[%clk
00:24:32]} {[%emt 00:00:04]} 44. Be6 {[%clk 00:04:49]} {[%emt 00:01:00]} Bc3
{[%clk 00:24:27]} {[%emt 00:00:35]} 45. Kf3 {[%clk 00:05:06]} {[%emt 00:00:13]}
Bd4 {[%clk 00:24:54]} {[%emt 00:00:03]} 46. Kg2 {[%clk 00:05:32]} {[%emt
00:00:04]} h5 {[%clk 00:23:14]} {[%emt 00:02:11]} 47. Bf7 {[%clk 00:05:24]}
{[%emt 00:00:37]} g5 {[%clk 00:21:40]} {[%emt 00:02:05]} 48. Be6 {[%clk
00:25:52]} {[%emt 00:10:01]} Bxf2 {[%clk 00:42:31]} {[%emt 00:09:39]} 49. Kxf2
{[%clk 00:24:22]} {[%emt 00:02:00]} c4 {[%clk 00:42:38]} {[%emt 00:00:24]} 50.
Ke3 {[%clk 00:03:20]} {[%emt 00:21:32]} c3 {[%clk 00:40:13]} {[%emt 00:02:55]}
51. Kd3 {[%clk 00:03:29]} {[%emt 00:00:19]} g4 {[%clk 00:39:51]} {[%emt
00:00:54]} 52. hxg4 {[%clk 00:03:07]} {[%emt 00:00:52]} hxg4 {[%clk 00:40:19]}
53. Bxg4 {[%clk 00:03:21]} {[%emt 00:00:16]} Kxg4 {[%clk 00:40:48]} {[%emt
00:00:02]} 54. Kxc3 {[%clk 00:03:42]} {[%emt 00:00:09]} Kf3 {[%clk 00:40:46]}
{[%emt 00:00:31]} 55. Kd3 {[%clk 00:03:29]} {[%emt 00:00:43]} Kf4 {[%clk
00:41:12]} {[%emt 00:00:04]} 0-1

[Event "European Chess Club Cup 2023"]
[Site "Durres, Albania"]
[Date "2023.10.02"]
[Round "2.75"]
[White "Ahmadzada, Ahmad"]
[Black "Nikolovski, Nikola"]
[Result "1-0"]
[TimeControl "90' + 30' & 30\""]
[WhiteElo "2494"]
[BlackElo "2382"]

1. e4 {[%clk 01:30:55]} {[%emt 00:00:04]} e6 {[%clk 01:30:18]} {[%emt
00:00:42]} 2. d4 {[%clk 01:31:20]} {[%emt 00:00:06]} d5 {[%clk 01:30:42]}
{[%emt 00:00:06]} 3. Nd2 {[%clk 01:31:45]} {[%emt 00:00:05]} Nf6 {[%clk
01:30:01]} {[%emt 00:01:12]} 4. e5 {[%clk 01:32:09]} {[%emt 00:00:06]} Nfd7
{[%clk 01:30:23]} {[%emt 00:00:07]} 5. Bd3 {[%clk 01:32:33]} {[%emt 00:00:06]}
c5 {[%clk 01:30:44]} {[%emt 00:00:09]} 6. c3 {[%clk 01:32:57]} {[%emt
00:00:06]} Nc6 {[%clk 01:31:07]} {[%emt 00:00:06]} 7. Ne2 {[%clk 01:33:23]}
{[%emt 00:00:04]} cxd4 {[%clk 01:30:47]} {[%emt 00:00:51]} 8. cxd4 {[%clk
01:33:47]} {[%emt 00:00:06]} f6 {[%clk 01:31:01]} {[%emt 00:00:16]} 9. exf6
{[%clk 01:34:11]} {[%emt 00:00:06]} Nxf6 {[%clk 01:31:23]} {[%emt 00:00:08]} 10.
Nf3 {[%clk 01:34:35]} {[%emt 00:00:04]} Bd6 {[%clk 01:31:35]} {[%emt 00:00:18]}
11. O-O {[%clk 01:34:57]} {[%emt 00:00:08]} Qc7 {[%clk 01:31:49]} {[%emt
00:00:15]} 12. Nc3 {[%clk 01:35:22]} {[%emt 00:00:07]} a6 {[%clk 01:28:31]}
{[%emt 00:03:49]} 13. Re1 {[%clk 01:35:45]} {[%emt 00:00:06]} O-O {[%clk
01:28:15]} {[%emt 00:00:45]} 14. h3 {[%clk 01:36:10]} {[%emt 00:00:06]} Bd7
{[%clk 01:22:51]} {[%emt 00:05:54]} 15. Bd2 {[%clk 01:36:32]} {[%emt 00:00:07]}
Rae8 {[%clk 01:12:20]} {[%emt 00:11:02]} 16. Rc1 {[%clk 01:36:54]} {[%emt
00:00:08]} Qb6 {[%clk 01:05:53]} {[%emt 00:06:57]} 17. Na4 {[%clk 01:28:59]}
{[%emt 00:08:25]} Qa7 {[%clk 01:00:56]} {[%emt 00:05:28]} 18. Be3 {[%clk
01:25:28]} {[%emt 00:04:00]} Re7 {[%clk 00:49:55]} {[%emt 00:11:31]} 19. Ne5
{[%clk 01:21:44]} {[%emt 00:04:13]} Qb8 {[%clk 00:46:08]} {[%emt 00:04:18]} 20.
f4 {[%clk 01:16:56]} {[%emt 00:05:18]} Be8 {[%clk 00:34:17]} {[%emt 00:12:21]}
21. Nc5 {[%clk 01:10:40]} {[%emt 00:06:44]} Nh5 {[%clk 00:30:44]} {[%emt
00:04:04]} 22. Qg4 {[%clk 01:06:51]} {[%emt 00:04:20]} Nf6 {[%clk 00:22:21]}
{[%emt 00:08:53]} 23. Qh4 {[%clk 01:05:05]} {[%emt 00:02:15]} Nb4 {[%clk
00:22:18]} {[%emt 00:00:34]} 24. Bb1 {[%clk 01:01:52]} {[%emt 00:03:43]} b6
{[%clk 00:22:37]} {[%emt 00:00:11]} 25. Nb3 {[%clk 00:59:34]} {[%emt 00:02:47]}
Rc7 {[%clk 00:22:11]} {[%emt 00:00:57]} 26. Nd2 {[%clk 00:57:06]} {[%emt
00:02:57]} Nc6 {[%clk 00:17:16]} {[%emt 00:05:27]} 27. Ndf3 {[%clk 00:50:03]}
{[%emt 00:07:32]} h6 {[%clk 00:17:38]} {[%emt 00:00:08]} 28. f5 {[%clk
00:44:20]} {[%emt 00:06:13]} exf5 {[%clk 00:13:40]} {[%emt 00:04:29]} 29. Bxf5
{[%clk 00:43:40]} {[%emt 00:01:10]} Nd8 {[%clk 00:10:17]} {[%emt 00:03:54]} 30.
Bxh6 {[%clk 00:39:29]} {[%emt 00:04:40]} gxh6 {[%clk 00:08:53]} {[%emt
00:01:55]} 31. Qxh6 {[%clk 00:39:42]} {[%emt 00:00:16]} Bb4 {[%clk 00:04:55]}
{[%emt 00:04:29]} 32. Rf1 {[%clk 00:35:31]} {[%emt 00:04:40]} b5 {[%clk
00:03:22]} {[%emt 00:02:04]} 33. a3 {[%clk 00:31:36]} {[%emt 00:04:25]} Ba5
{[%clk 00:03:23]} {[%emt 00:00:29]} 34. Nh4 {[%clk 00:30:28]} {[%emt 00:01:36]}
Bb6 {[%clk 00:02:48]} {[%emt 00:01:07]} 35. Nhg6 {[%clk 00:24:38]} {[%emt
00:06:19]} Bxd4+ {[%clk 00:02:58]} {[%emt 00:00:21]} 36. Kh1 {[%clk 00:24:59]}
{[%emt 00:00:08]} Bxg6 {[%clk 00:02:03]} {[%emt 00:01:26]} 37. Nxg6 {[%clk
00:24:40]} {[%emt 00:00:48]} Nh7 {[%clk 00:02:25]} {[%emt 00:00:08]} 38. Ne7+
{[%clk 00:24:41]} {[%emt 00:00:30]} Rxe7 {[%clk 00:02:13]} {[%emt 00:00:42]} 39.
Bxh7+ {[%clk 00:25:03]} {[%emt 00:00:06]} Rxh7 {[%clk 00:02:38]} {[%emt
00:00:05]} 40. Qxf8# {[%clk 00:25:26]} {[%emt 00:00:07]} 1-0

[Event "European Chess Club Cup 2023"]
[Site "Durres, Albania"]
[Date "2023.10.02"]
[Round "2.76"]
[White "Veljanoski, Andrej"]
[Black "Samadov, Read"]
[Result "0-1"]
[TimeControl "90' + 30' & 30\""]
[WhiteElo "2261"]
[BlackElo "2492"]

1. e4 {[%clk 01:30:45]} {[%emt 00:00:15]} c5 {[%clk 01:30:53]} {[%emt
00:00:07]} 2. Nf3 {[%clk 01:31:08]} {[%emt 00:00:06]} d6 {[%clk 01:31:14]}
{[%emt 00:00:10]} 3. d4 {[%clk 01:31:33]} {[%emt 00:00:05]} cxd4 {[%clk
01:31:35]} {[%emt 00:00:09]} 4. Nxd4 {[%clk 01:31:58]} {[%emt 00:00:04]} Nf6
{[%clk 01:31:59]} {[%emt 00:00:07]} 5. Nc3 {[%clk 01:32:19]} {[%emt 00:00:08]}
a6 {[%clk 01:32:19]} {[%emt 00:00:11]} 6. Be3 {[%clk 01:30:59]} {[%emt
00:01:50]} e5 {[%clk 01:32:22]} {[%emt 00:00:27]} 7. Nb3 {[%clk 01:31:22]}
{[%emt 00:00:06]} Be7 {[%clk 01:31:52]} {[%emt 00:01:01]} 8. f3 {[%clk
01:30:26]} {[%emt 00:01:26]} Be6 {[%clk 01:31:14]} {[%emt 00:01:08]} 9. g4
{[%clk 01:30:20]} {[%emt 00:00:36]} d5 {[%clk 01:24:53]} {[%emt 00:06:51]} 10.
exd5 {[%clk 01:06:51]} {[%emt 00:23:59]} Nxd5 {[%clk 01:24:24]} {[%emt
00:00:59]} 11. Nxd5 {[%clk 01:05:19]} {[%emt 00:02:02]} Bh4+ {[%clk 01:20:18]}
{[%emt 00:04:37]} 12. Kd2 {[%clk 01:02:14]} {[%emt 00:03:35]} Bxd5 {[%clk
01:16:41]} {[%emt 00:04:06]} 13. Bd3 {[%clk 00:59:21]} {[%emt 00:03:22]} e4
{[%clk 01:06:38]} {[%emt 00:10:35]} 14. fxe4 {[%clk 00:59:40]} {[%emt
00:00:11]} Bxe4 {[%clk 01:06:34]} {[%emt 00:00:33]} 15. Qe2 {[%clk 00:59:48]}
{[%emt 00:00:23]} O-O {[%clk 01:04:54]} {[%emt 00:02:10]} 16. Rhf1 {[%clk
00:46:54]} {[%emt 00:13:23]} Nc6 {[%clk 01:00:46]} {[%emt 00:04:38]} 17. Rad1
{[%clk 00:43:31]} {[%emt 00:03:54]} Nb4 {[%clk 00:57:13]} {[%emt 00:04:03]} 18.
Kc1 {[%clk 00:42:36]} {[%emt 00:01:24]} Bxd3 {[%clk 00:51:41]} {[%emt
00:06:02]} 19. cxd3 {[%clk 00:42:51]} {[%emt 00:00:15]} Re8 {[%clk 00:50:44]}
{[%emt 00:01:27]} 20. Rf3 {[%clk 00:25:18]} {[%emt 00:18:04]} Nd5 {[%clk
00:47:39]} {[%emt 00:03:34]} 21. Nd2 {[%clk 00:22:58]} {[%emt 00:02:51]} Bg5
{[%clk 00:46:35]} {[%emt 00:01:34]} 22. Ne4 {[%clk 00:21:49]} {[%emt 00:01:39]}
Nxe3 {[%clk 00:46:21]} {[%emt 00:00:43]} 23. Rxe3 {[%clk 00:21:49]} {[%emt
00:00:31]} Rxe4 {[%clk 00:46:19]} {[%emt 00:00:32]} 24. dxe4 {[%clk 00:20:45]}
{[%emt 00:01:35]} Bxe3+ {[%clk 00:46:40]} {[%emt 00:00:08]} 25. Qxe3 {[%clk
00:20:22]} {[%emt 00:00:53]} Rc8+ {[%emt 00:00:15]} 0-1